| 000 | 01303nam a2200277 a 4500 | ||
|---|---|---|---|
| 008 | 120416s1994 ||||||||||||||||| || u | ||
| 020 | _a1856492656 | ||
| 050 | _aJC 491 Min | ||
| 100 | _aMinter, William, 1942- | ||
| 245 | 1 | 0 | _aApartheid's contras |
| 246 | _aan inquiry into the roots of war in Angola and Mozambique | ||
| 260 |
_aLondon _bWitwatersrand University Press Zed Books _c1994 |
||
| 300 | _axii, 308p. : ill. | ||
| 350 | _a0.00 | ||
| 500 | _aIncludes bibliographical references (p. 291-302) and index. | ||
| 650 | _aMozambique--History--Independence and Civil War, 1975-1994--Causes | ||
| 650 | _aSOUTH AFRICA--POLITICS AND GOVERNMENT | ||
| 650 | _aANGOLA--HISTORY--SOUTH AFRICAN INCURSIONS, 1978-1990 | ||
| 650 | _aPOLITICS | ||
| 650 | _aANGOLA--HISTORY--CIVIL WAR, 1975---CAUSES | ||
| 650 | _aSOUTH AFRICA--RELATIONS--MOZAMBIQUE | ||
| 650 | _aMOZAMBIQUE--RELATIONS--SOUTH AFRICA | ||
| 856 | _uhttp://www.loc.gov/catdir/description/hol055/94041587.html | ||
| 995 |
_aANNEX COLLECTION (Main Library) _D0.00 _e726457 _FCBU-MAIN LIBRARY (Kitwe) _H2 _I55.00 _jJC 491 Min _M2 _UAVAILABLE _y009404 _ZAnnex Low-Usage Collection |
||
| 995 |
_aANNEX COLLECTION (Main Library) _D0.00 _e726456 _FCBU-MAIN LIBRARY (Kitwe) _H1 _I55.00 _jJC 491 Min _M1 _UAVAILABLE _y009403 _ZAnnex Low-Usage Collection |
||
| 999 |
_c84265 _d84265 |
||